Normal view
MARC view
- Pal P Ed
Entry Personal Name
001 - CONTROL NUMBER
- control field: 17665
003 - CONTROL NUMBER IDENTIFIER
- control field: OSt
005 - DATE AND TIME OF LATEST TRANSACTION
- control field: 20220803171356.0
008 - FIXED-LENGTH DATA ELEMENTS
- fixed length control field: 220803|| aca||aabn | a|a d
040 ## - CATALOGING SOURCE
- Original cataloging agency: OSt
- Transcribing agency: OSt
100 ## - HEADING--PERSONAL NAME
- Personal name: Pal P Ed
670 ## - SOURCE DATA FOUND
- Source citation: Work cat.: (OSt)12413: Pal P Ed., Bombay To Mumbai : Changing Perspectives, 2001